000 01660nam0a22003731 4500
001 rc\3443382
005 20250610004647.0
021 _aRU
_b[73-66161]
035 _a(NLR Aleph) 007591552
090 _a5617089
_c5617089
100 _a20130115d1973 |||y0rusy50 ca
101 1 _arus
_ceng
102 _aRU
105 _aa z |||||
200 1 _aТермодинамическая теория структуры, устойчивости и флуктуаций
_fПер. с англ. канд. физ.-мат. наук Н.В. Вдовиченко и канд. физ.-мат. наук В.А. Онищука
_gПод ред. д-ра хим. наук Ю.А. Чизмаджева
210 _aМосква
_cМир
_d1973
215 _a280 с.
_cчерт.
_d22
300 _aДоп. тит. л.: Thermodynamic theory of structure, stability and fluctuations. P. Glansdorff and I. Prigogine
320 _aПредм. указ.: с. 271-275
320 _aСписок лит.: с. 264-269 (201 назв.)
513 0 _aThermodynamic theory of structure, stability and fluctuations
606 _aНеобратимые процессы
_xТермодинамика
_2psbo
700 1 _aГленсдорф
_bП.
701 1 _aПригожин
_bИ.
702 1 _aОнищук
_bВ.А.
_4730
702 1 _4340
_7ca
_8rus
_aЧизмаджев
_bЮ. А.
_f1931-2022
_gЮрий Александрович
_9251482
_3RU\NLR\AUTH\770251538
702 1 _aВдовиченко
_bН.
_gН.В
_4730
801 0 _aRU
_bNLR
_gpsbo
801 1 _aRU
_bELAR
_2rusmarc
852 _aNLR
_j73-5/3570
852 _aNLR
_jМф К1/18175
942 _cBOOK
980 _aNB